[Event "Immopar,"]
[Site "Immopar,"]
[Date "1991.??.??"]
[Round "?"]
[White "Gelfand, Boris"]
[Black "Kasparov, Gary"]
[Result "0-1"]
[WhiteElo "2700"]
[BlackElo "2800"]
[PlyCount "88"]
[EventDate "1991.??.??"]
[Source "www.chesslib.no"]
[SourceDate "2004.05.04"]

1. d4 Nf6 2. c4 g6 3. Nc3 Bg7 4. e4 d6 5. Be2 O-O 6. Nf3 e5 7. O-O Nc6 8. d5 Ne7 9. Nd2 a5 10. a3 Nd7 11. Rb1 f5 12. b4 Kh8 13. f3 Ng8 14. Qc2 Ngf6 15. Nb5 axb4 16. axb4 Nh5 17. g3 Ndf6 18. c5 Bd7 19. Rb3 fxe4 20. fxe4 Bh3 21. Re1 Bh6 22. Nf3 Bxc1 23. Rxc1 Ng4 24. Qd2 Qe7 25. Rbc3 h6 26. Bf1 Bxf1 27. Rxf1 g5 28. cxd6 cxd6 29. Nc7 Ngf6 30. Nxg5 hxg5 31. Nxa8 Nxe4 32. Rxf8+ Qxf8 33. Qe2 Nhf6 34. Ra3 Qc8 35. Kg2 Qc1 36. Rf3 b5 37. Nb6 Qc7 38. Qxb5 Qc2+ 39. Kg1 Qd1+ 40. Rf1 Qd4+ 41. Kh1 Nf2+ 42. Kg2 N6g4 43. Qe2 Qxb6 44. Re1 Qxb4 0-1

[Event "Beograd 71/620"]
[Site "?"]
[Date "1997.??.??"]
[Round "?"]
[White "Kramnik, Vladimir"]
[Black "Gelfand, Boris"]
[Result "1/2-1/2"]
[WhiteElo "2770"]
[BlackElo "2695"]
[PlyCount "132"]
[EventDate "1997.??.??"]
[Source "ChessBase"]
[SourceDate "1997.10.01"]

1. Nf3 Nf6 2. c4 g6 3. Nc3 Bg7 4. e4 d6 5. d4 O-O 6. Be2 e5 7. O-O Nc6 8. d5 Ne7 9. b4 Nh5 10. Re1 f5 11. Ng5 Nf6 12. Bf3 c6 13. Be3 f4 14. Bc1 h6 15. Ne6 Bxe6 16. dxe6 Nc8 17. b5 Qe8 18. bxc6 bxc6 19. c5 Qxe6 20. Ba3 dxc5 21. Na4 Nb6 22. Nxc5 Qf7 23. Qc1 Qc4 24. Bd1 Qxc1 25. Rxc1 Rfc8 26. Bb3+ Kh7 27. Ne6 a5 28. Nxg7 Kxg7 29. Be6 Nbd7 30. Red1 Ra7 31. Bb2 Rcc7 32. f3 Kf8 33. Rd6 Rab7 34. Ba3 c5 35. Bxd7 Nxd7 36. Rxg6 Kf7 37. Rxh6 c4 38. g3 fxg3 39. hxg3 c3 40. Rc2 Nf8 41. Bd6 Rb1+ 42. Kf2 Rb2 43. Bxc7 Rxc2+ 44. Ke3 Rxa2 45. Bxe5 c2 46. Rc6 Ra3+ 47. Ke2 Ra2 48. Kd2 Ne6 49. f4 c1=Q+ 50. Kxc1 Ra4 51. Kd2 Rxe4 52. Bc3 Ke7 53. Kd3 Ra4 54. f5 Nd8 55. Ra6 Nf7 56. Ra7+ Ke8 57. Ra8+ Ke7 58. Ra7+ Ke8 59. Rxa5 Rg4 60. Be1 Ke7 61. Bf2 Ng5 62. Ra6 Kf7 63. Ke2 Ne4 64. Ra5 Rg5 65. Kf3 Nxf2 66. Kxf2 Kf6 1/2-1/2

[Event "Horgen"]
[Site "?"]
[Date "1994.??.??"]
[Round "?"]
[White "Gelfand, B."]
[Black "Shirov, A."]
[Result "0-1"]
[WhiteElo "2680"]
[BlackElo "2740"]
[PlyCount "126"]
[EventDate "1994.??.??"]
[Source "ChessBase"]
[SourceDate "1994.06.01"]

1. d4 Nf6 2. c4 g6 3. Nc3 Bg7 4. e4 d6 5. Be2 O-O 6. Nf3 e5 7. O-O Nc6 8. d5 Ne7 9. Nd2 a5 10. a3 Bd7 11. b3 c6 12. Bb2 c5 13. Nb5 Ne8 14. f4 Bxb5 15. cxb5 exf4 16. Bxg7 Nxg7 17. Rxf4 g5 18. Rf2 Ng6 19. Qc2 Qe7 20. Bf1 Rae8 21. Nc4 Ne5 22. Re1 Nxc4 23. Bxc4 Qe5 24. Ref1 Qd4 25. Rd1 Qe3 26. Bd3 Nh5 27. Kh1 Nf4 28. Rf3 Qd4 29. Qc1 Qg7 30. Bb1 h6 31. Qd2 b6 32. Rdf1 f5 33. exf5 Re2 34. f6 Rxd2 35. fxg7 Re8 36. h4 Kxg7 37. Rg3 Kf6 38. Rg4 Ree2 39. Bh7 Rf2 40. hxg5+ hxg5 41. Rxf2 Rxf2 42. Rg3 Nxd5 43. Kg1 Rd2 44. Rf3+ Kg7 45. Be4 Nf6 46. Bf5 Rd5 47. g3 Re5 48. g4 d5 49. Rh3 d4 50. Kf1 Re7 51. a4 Re8 52. Kf2 Rh8 53. Rxh8 Kxh8 54. Ke2 Ne8 55. Kf3 Nd6 56. Be6 Kg7 57. Ke2 Kf6 58. Bg8 Nf7 59. Bh7 Ne5 60. Bf5 Ke7 61. Kd2 Kd6 62. Bc8 Nd7 63. Bb7 c4 0-1

[Event "FIDE GP"]
[Site "Moscow"]
[Date "2002.06.05"]
[Round "5.1"]
[White "Bareev, Evgeny"]
[Black "Smirin, Ilia"]
[Result "0-1"]
[WhiteElo "2724"]
[BlackElo "2685"]
[PlyCount "92"]
[EventDate "2002.06.01"]
[Source "ChessBase"]
[SourceDate "2002.09.20"]

1. d4 Nf6 2. c4 g6 3. Nc3 Bg7 4. e4 d6 5. Be2 O-O 6. Nf3 e5 7. O-O Nc6 8. d5 Ne7 9. b4 a5 10. Ba3 b6 11. bxa5 Nh5 12. Re1 f5 13. Nd2 Nf6 14. Bb4 c5 15. dxc6 Nxc6 16. Ba3 bxa5 17. Nb5 Nb4 18. Nb3 Ra6 19. exf5 Bxf5 20. c5 Nc2 21. g4 Nxg4 22. Bxg4 Qg5 23. h3 Nxe1 24. Qd5+ Kh8 25. Rxe1 Bxg4 26. hxg4 Qxg4+ 27. Qg2 Qa4 28. Qb7 d5 29. c6 Qg4+ 30. Kf1 Raa8 31. Bxf8 Rxf8 32. Nd2 e4 33. Qd7 Qh4 34. Ke2 Qh5+ 35. f3 exf3+ 36. Kd3 g5 37. Qxd5 f2 38. Rf1 Qg6+ 39. Ne4 g4 40. Nbd6 g3 41. c7 g2 42. Rxf2 g1=Q 43. Rxf8+ Bxf8 44. c8=Q Qd1+ 45. Kc4 Qa4+ 46. Kc5 Qg1+ 0-1

[Event "Linares"]
[Site "?"]
[Date "1997.??.??"]
[Round "?"]
[White "Kramnik, Vladimir"]
[Black "Polgar, Judit"]
[Result "1-0"]
[WhiteElo "2740"]
[BlackElo "2645"]
[PlyCount "75"]
[EventDate "1997.??.??"]
[Source "ChessBase"]
[SourceDate "1997.02.01"]

1. Nf3 Nf6 2. c4 g6 3. Nc3 Bg7 4. e4 d6 5. d4 O-O 6. Be2 e5 7. O-O Nc6 8. d5 Ne7 9. b4 Nh5 10. Re1 f5 11. Ng5 Nf6 12. Bf3 c6 13. Be3 cxd5 14. cxd5 h6 15. Ne6 Bxe6 16. dxe6 fxe4 17. Nxe4 Nxe4 18. Bxe4 d5 19. Bc2 e4 20. Rc1 d4 21. Bd2 e3 22. fxe3 d3 23. Bb3 Qd6 24. Qg4 Be5 25. Rf1 Bxh2+ 26. Kh1 Qg3 27. Qd4 Qe5 28. Rf7 Rxf7 29. exf7+ Kh7 30. Qxe5 Bxe5 31. Rc5 Bd6 32. Rc4 Nc6 33. b5 Ne5 34. Rd4 Bf8 35. Re4 Bg7 36. Bb4 d2 37. Rxe5 Rd8 38. Re8 1-0

[Event "Dos Hermanas"]
[Site "?"]
[Date "1995.??.??"]
[Round "?"]
[White "Piket, Je"]
[Black "Gelfand, B."]
[Result "1-0"]
[WhiteElo "2670"]
[BlackElo "2700"]
[PlyCount "79"]
[EventDate "1995.??.??"]
[Source "ChessBase"]
[SourceDate "1995.02.01"]

1. d4 Nf6 2. c4 g6 3. Nc3 Bg7 4. e4 d6 5. Nf3 O-O 6. Be2 e5 7. O-O Nc6 8. d5 Ne7 9. Bd2 Nh5 10. Rc1 h6 11. Re1 Nf4 12. Bf1 g5 13. h4 g4 14. Nh2 h5 15. c5 dxc5 16. Be3 Neg6 17. Bxc5 Re8 18. g3 a6 19. Qb3 b6 20. Be3 Bf8 21. Nd1 Bd7 22. Bd2 Bc5 23. Ne3 a5 24. a4 Qf6 25. Rxc5 bxc5 26. Rc1 Reb8 27. Qa3 Kh7 28. Rxc5 Rb7 29. Qc3 Bxa4 30. Rxc7 Rb3 31. Qc1 Be8 32. Nf5 Nxd5 33. Bg5 Qe6 34. Bc4 Nxc7 35. Bxe6 Nxe6 36. Bf6 Ngf4 37. gxf4 Nxf4 38. Kh1 Ra6 39. Bxe5 Nd3 40. Qg5 1-0

[Event "Corr"]
[Site "?"]
[Date "1998.03.01"]
[Round "?"]
[White "Elwert Hans-Marcus (GER)"]
[Black "Oosterom Joop van (NLD)"]
[Result "0-1"]
[WhiteElo "2681"]
[BlackElo "2684"]
[PlyCount "64"]
[EventDate "1998.??.??"]
[Source "www.chesslib.no"]
[SourceDate "2004.05.04"]

1. Nf3 Nf6 2. c4 g6 3. d4 Bg7 4. Nc3 O-O 5. e4 d6 6. Be2 e5 7. O-O Nc6 8. d5 Ne7 9. b4 Nh5 10. Qb3 h6 11. a4 Nf4 12. Nd2 f5 13. f3 Nxe2+ 14. Nxe2 g5 15. c5 f4 16. Ba3 Ng6 17. b5 Rf7 18. b6 dxc5 19. bxc7 Qxc7 20. Nc3 Bf8 21. Bb2 g4 22. Nb5 Qd8 23. fxg4 Bxg4 24. Kh1 a6 25. Nc3 Rc8 26. a5 c4 27. Qc2 Bb4 28. Qa4 Bc5 29. Nf3 Bd4 30. Qb4 Bxf3 31. gxf3 Rg7 32. Na4 c3 0-1

[Event "Amsterdam"]
[Site "?"]
[Date "1996.??.??"]
[Round "?"]
[White "Ivanchuk, V."]
[Black "Van Wely, L."]
[Result "1/2-1/2"]
[WhiteElo "2730"]
[BlackElo "2605"]
[PlyCount "98"]
[EventDate "1996.??.??"]
[Source "ChessBase"]
[SourceDate "1996.06.01"]

1. c4 g6 2. d4 Nf6 3. Nc3 Bg7 4. e4 d6 5. Nf3 O-O 6. Be2 e5 7. O-O Nc6 8. d5 Ne7 9. Nd2 a5 10. a3 Nd7 11. Rb1 f5 12. b4 Kh8 13. Qc2 Ng8 14. exf5 gxf5 15. f4 exf4 16. Nf3 Ndf6 17. Bd3 axb4 18. axb4 Ne7 19. Ne2 Ng6 20. Nxf4 Nxf4 21. Bxf4 Ne4 22. Bc1 Bd7 23. Bb2 Qe7 24. Rbe1 Rae8 25. Re2 c6 26. dxc6 bxc6 27. Ra1 d5 28. cxd5 cxd5 29. Bxg7+ Qxg7 30. Qb2 Nc3 31. Rxe8 Rxe8 32. Kf1 Bb5 33. Bxb5 Nxb5 34. Qxg7+ Kxg7 35. Ra5 Rb8 36. Ke2 Rb6 37. Ne5 Re6 38. Rxb5 Rxe5+ 39. Kf3 Kg6 40. Rb6+ Kg5 41. Rd6 Re4 42. b5 d4 43. Kf2 Re5 44. h4+ Kh5 45. b6 Rb5 46. g3 Rb3 47. Rxd4 Rxb6 48. Kf3 Kg6 49. Kf4 Kf6 1/2-1/2

[Event "DSU"]
[Site "?"]
[Date "1998.03.01"]
[Round "?"]
[White "Oosterom Joop van (NED)"]
[Black "Maliangkay Rudolf J.(NED)"]
[Result "1-0"]
[WhiteElo "2684"]
[BlackElo "2612"]
[PlyCount "83"]
[EventDate "1998.??.??"]
[Source "www.chesslib.no"]
[SourceDate "2004.05.04"]

1. Nf3 Nf6 2. c4 g6 3. Nc3 Bg7 4. e4 d6 5. d4 O-O 6. Be2 e5 7. O-O Nc6 8. d5 Ne7 9. b4 Nh5 10. Re1 a5 11. bxa5 Rxa5 12. a4 f5 13. Nd2 Nf6 14. Ba3 Nxe4 15. Ncxe4 fxe4 16. Nxe4 b6 17. Bb4 Ra7 18. Bd3 Nf5 19. a5 bxa5 20. Rxa5 Rxa5 21. Bxa5 Qd7 22. Bb4 Bb7 23. Ng5 Nd4 24. Bc3 Bh6 25. Ne4 Qd8 26. Qa1 Bg7 27. Qa7 Qa8 28. Ra1 Re8 29. h4 h6 30. Nd2 Kf7 31. c5 e4 32. Nxe4 Rxe4 33. Bxe4 Ne2+ 34. Kf1 Nxc3 35. c6 Qxa7 36. Rxa7 Ba6+ 37. Rxa6 Nxe4 38. Ra7 Bc3 39. Rxc7+ Ke8 40. Rc8+ Ke7 41. Ra8 Nd2+ 42. Ke2 1-0

[Event "Hoogovens 5'"]
[Site "Wijk aan Zee"]
[Date "1999.01.18"]
[Round "7"]
[White "Topalov, Veselin"]
[Black "Kasimdzhanov, Rustam"]
[Result "0-1"]
[WhiteElo "2700"]
[BlackElo "2595"]
[PlyCount "44"]
[EventDate "1999.01.18"]
[Source "ChessBase"]
[SourceDate "1999.03.01"]

1. Nf3 Nf6 2. c4 g6 3. Nc3 Bg7 4. e4 d6 5. d4 e5 6. Be2 O-O 7. O-O Nc6 8. d5 Ne7 9. b4 a5 10. Ba3 Nd7 11. bxa5 Rxa5 12. Bb4 Ra8 13. a4 Bh6 14. a5 f5 15. Nd2 Nf6 16. c5 Bxd2 17. Qxd2 fxe4 18. cxd6 cxd6 19. Rfe1 Nf5 20. Nb5 e3 21. fxe3 Ne4 22. Qd3 Qh4 0-1

[Event "Muenchen"]
[Site "?"]
[Date "1994.??.??"]
[Round "?"]
[White "van der Sterren, P."]
[Black "Gelfand, B."]
[Result "1/2-1/2"]
[WhiteElo "2605"]
[BlackElo "2685"]
[PlyCount "74"]
[EventDate "1994.??.??"]
[Source "ChessBase"]
[SourceDate "1994.02.01"]

1. d4 Nf6 2. c4 g6 3. Nc3 Bg7 4. e4 d6 5. Nf3 O-O 6. Be2 e5 7. O-O Nc6 8. d5 Ne7 9. Nd2 a5 10. a3 Nd7 11. Rb1 f5 12. b4 Kh8 13. f3 Ng8 14. Qc2 Ngf6 15. Bd3 f4 16. Be2 Rg8 17. Na4 Bf8 18. c5 axb4 19. axb4 Be7 20. Nc4 g5 21. b5 Rxa4 22. Qxa4 Nxc5 23. Qc2 g4 24. Ba3 g3 25. Bxc5 gxh2+ 26. Kxh2 Qf8 27. Nxe5 dxe5 28. Bxe7 Qxe7 29. Rfc1 Nh5 30. Bf1 Ng3 31. Kg1 Qh4 32. Qxc7 Ne2+ 33. Bxe2 Rxg2+ 34. Kxg2 Bh3+ 35. Kh1 Bg4+ 36. Kg2 Qg3+ 37. Kh1 Qh3+ 1/2-1/2